000 00392pab a2200169 454500
008 180718b2013 xxu||||| |||| 00| 0 eng d
100 _aRoy, Aruna
245 _aEquality and its demands on democratic institutions
260 _c2013
300 _ap.10-13.
362 _aAug
650 _aPanchayat
700 _aSwamy, Rakshita
773 _aYojana
908 _aN
909 _a101384
999 _c101382
_d101382